000 00872nam0a2200265 4500
001 RU\NLR\bibl\1723846
005 20250616073230.0
010 _a978-5-903826-45-2
_91500
021 _aRU
_b2010-100344
_96776
035 _a(NLR Aleph) 001714825
090 _a1302805
_c1302805
100 _a20110118d2011 |||y0rusy50 ca
101 0 _arus
102 _aRU
105 _ay |||||||||
200 1 _aРусский язык. ЕГЭ-2011. Теория. Методика. Практика. Тесты
210 _aВолгоград
_cИнФолио
_d2011
215 _d22
700 1 _aКалашников
_bС. Б.
_4070
701 1 _aМлечко
_bЛ. Е.
_4070
801 0 _aRU
_bNLR
_c20110118
_gRCR
801 1 _aRU
_bNLR
_c20110118
942 _cBOOK
980 _aNB